LEADER 01869nam 2200445 450 001 9910798417103321 005 20230725062952.0 010 $a0-300-15894-7 035 $a(CKB)3710000000828894 035 $a(MiAaPQ)EBC4643553 035 $a(Au-PeEL)EBL4643553 035 $a(CaPaEBR)ebr11248104 035 $a(OCoLC)957127833 035 $a(EXLCZ)993710000000828894 100 $a20101122h20112011 uy| 0 101 0 $aeng 135 $aurcnu|||||||| 181 $2rdacontent 182 $2rdamedia 183 $2rdacarrier 200 14$aThe medieval Haggadah $eart, narrative, and religious imagination /$fMarc Michael Epstein 210 1$aNew Haven :$cYale University Press,$d[2011] 210 4$d©2011 215 $a1 online resource (337 pages) $ccolor illustrations 311 $a0-300-15666-9 320 $aIncludes bibliographical references and index. 327 $aA note on the manuscripts -- introduction. Jewish visual culture as memory's mirror -- The Birds' Haggadah -- Birds' Head revisited -- Socioreligious stratification -- Narrative sequence -- Eucharistic polemics -- Metahistorical connections -- Eschatological hopes -- The Golden Haggadah -- Silence is golden -- Women hidden in plain sight -- The Rylands and "Brother" Haggadot -- Siblings : identical or fraternal? -- Iconography in dialogue -- Conclusions. 606 $aJewish illumination of books and manuscripts 606 $aIllumination of books and manuscripts, Medieval 615 0$aJewish illumination of books and manuscripts. 615 0$aIllumination of books and manuscripts, Medieval. 676 $a745.6/74924 700 $aEpstein$b Marc Michael$f1964-$01520577 801 0$bMiAaPQ 801 1$bMiAaPQ 801 2$bMiAaPQ 906 $aBOOK 912 $a9910798417103321 996 $aThe medieval Haggadah$93759254 997 $aUNINA LEADER 02265oam 2200589 c 450 001 9910563055503321 005 20250513223422.0 024 7 $a10.3726/b12852 035 $a(CKB)4340000000239004 035 $a(oapen)https://directory.doabooks.org/handle/20.500.12854/39402 035 $a(PH02)9783954795314 035 $a(MiAaPQ)EBC31203136 035 $a(oapen)doab39402 035 $a(EXLCZ)994340000000239004 100 $a20240525d1992 uy 0 101 0 $ager 135 $aurnnunnnannuu 181 $ctxt$2rdacontent 182 $cc$2rdamedia 183 $acr$2rdacarrier 200 10$aVerbannte Muse$eZehn Essays über russische Lyriker der Emigration$fJan Paul Hinrichs 205 $a1st, New ed. 210 $aFrankfurt a.M$cPH02$d1992 215 $a1 online resource (139 p.)$c, EPDF 225 0 $aArbeiten und Texte zur Slavistik$v55 300 $aPeter Lang GmbH, Internationaler Verlag der Wissenschaften 311 08$a3-95479-531-0 327 $aArsenij Nesmelov - Georgij Ivanov - Vjac?eslav Lebedev - Dovid Knut - Vera Lourie? - Boris Poplavskij - Anatolij Stejger - Valerij Pereles?in - Niko?aj Mors?en - Ivan Elagin 330 $aDie vorliegenden Essays wollen einen Beitrag leisten zur Erschließung der russischen Emigrantenlyrik, eines noch immer wenig untersuchten Teilbereichs der russischen Literatur. Sie enthalten biographische Portra?ts sowie Darstellungen der poetischen Entwicklung von zehn Dichtern, wobei die wichtigsten Momente in der Rezeptionsgeschichte, Memoirenliteratur und aktuelle Forschungsbeitra?ge beru?cksichtigt worden sind. 606 $aLiterature & literary studies$2bicssc 610 $aAkmeismus 610 $aEmigration 610 $aEssays 610 $aExilliteratur 610 $aFuturismus 610 $aHinrichs 610 $aLyriker 610 $aMuse 610 $arussische 610 $arussische Emigration 610 $arussische Literatur 610 $aüber 610 $aVerbannte 610 $aZehn 615 7$aLiterature & literary studies 700 $aHinrichs$b Jan Paul$4aut$0682539 801 0$bPH02 801 1$bPH02 906 $aBOOK 912 $a9910563055503321 996 $aVerbannte Muse$93027182 997 $aUNINA